| 000 | 00883 a2200217 4500 | ||
|---|---|---|---|
| 008 | 080820t xxu||||| |||| 00| 0 eng d | ||
| 010 | _aENG-84895 | ||
| 020 |
_a8177586092 _c595.00 |
||
| 035 | _aEN-68428 | ||
| 037 | _bD.B.Act / Pub | ||
| 082 | _a658.16 | ||
| 245 |
_aCorporate governance in public sector enterprises _cedited by S. M. Dewan. |
||
| 260 |
_aNew Delhi _bPearson Longman, _cc2006. |
||
| 300 |
_axxi, 250 p. _c24 cm. (Hb) |
||
| 520 | _aWith reference to Indian government business enterprises; contributed studies. | ||
| 650 |
_aCorporate governance _zIndia. |
||
| 650 |
_aGovernment business enterprises _zIndia. |
||
| 700 | _aDewan, S. M. | ||
| 942 |
_adpl _cEN _k658.16 / COR _2ddc _h658.16 _mCOR |
||
| 999 |
_c668 _d668 |
||